000
00300nam a2200109Ia 4500
008
200302s9999 xx 000 0 und d
100
_a
George Baird
245
_a
Sustainable Buildings in Practice What the Users Think
260
_b
Routledge Taylor & Francis Group
260
_c
2010
300
_a
335 P.,
999
_c
2809
_d
2809